000 00415nam a2200181Ia 4500
008 151202s9999||||xx |||||||||||||| ||und||
082 _bPNVM-71410
100 _aROBERTS NORA.
245 _aBlack Rose.
260 _b"JOVE BOOKS ,NEW YORK."
260 _c2005
300 _a370
600 _aROBERTS NORA.
630 _aBlack Rose.
700 _aROBERTS NORA.
730 _aBlack Rose.
942 _cBOOK
999 _c1338023
_d1338020